| 000 | 00739nam a22001695i 4500 | ||
|---|---|---|---|
| 001 | 53543 | ||
| 003 | ES-MaACL | ||
| 005 | 20230906162803.0 | ||
| 007 | t| | ||
| 008 | 960520s1886 sp bc ||||1| spa d | ||
| 040 |
_aCARM _bspa _cCCPB | SIC |
||
| 245 | 0 | 0 |
_aPliego general de condiciones para la contratación de las obras públicas _b: instrucción para su cumplimiento y formularios para la redacción de los proyectos de carreteras : aprobados por Real Decreto de 11 de Junio de 1886 y Reales Ordenes de 26 de Junio y 24 de Agosto del mismo año. |
| 260 |
_aMadrid : _b[s.n.], _c1886 ( _fTipo-Lit. de L. Peant) |
||
| 300 |
_a[164 p, 5 h. pleg. ; _c32 cm. |
||
| 650 | 4 |
_aObras públicas- _zEspaña. _9149445 |
|
| 852 |
_aES-MaACL _jT-653-F-3 |
||
| 999 |
_c53543 _d53543 |
||